ბათუმის შოთა რუსთაველის სახელმწიფო უნივერსიტეტის ბიბლიოთეკა

Clinical psychology : (ბიბ.ჩანაწერი № 59807)

000 -ლიდერი
ფიქსირებული სიგრძის საკონტროლო ველი 00694cam a2200217 i 4500
001 - საკონტროლო ნომერი
საკონტროლო ველი 19340405
003 - საკონტროლო ნომრის იდენტიფიკატორი
საკონტროლო ველი Ge_BSU
005 - ბოლო ოპერაციის თარიღი და დრო
საკონტროლო ველი 20230421135116.0
008 - ფიქსირებული სიგრძის მონაცემთა ელემენტები - ზოგადი ინფორმაცია
ფიქსირებული სიგრძის საკონტროლო ველი 161019s2017 enka b 001 0 eng d
020 ## - წიგნის საერთაშორისო სტანდარტული ნომერი
International Standard Book Number 9780198753896x
035 ## - სისტემის საკონტროლო ნომერი
System control number (OCoLC)ocn960030312
041 ## - ენის კოდი
Language code of text/sound track or separate title eng
080 ## - უნივერსალური ათობითი კლასიფიკაციის ინდექსი
Universal Decimal Classification number 159.97 L-66
100 1# - მთავარი ჩანაწერი - პიროვნების სახელი
Personal name Llewelyn, Susan P.
9 (RLIN) 17716
245 10 - ცნობა სათაურის შესახებ
Title Clinical psychology :
Remainder of title a very short introduction /
Statement of responsibility, etc Susan Llewelyn and Katie Aafjes-van Doorn.
264 #1 - წარმოების, გამოცემის, დისტრიბუციის და სხვა ცნობები
გამოცემის, წარმოების, დისტრიბუციის... ადგილი Oxford ;
გამოცემის, წარმოების, დისტრიბუციის... სახელწოდება Oxford University Press,
გამოცემის, წარმოების, დისტრიბუციის... თარიღი 2017.
300 ## - ფიზიკური აღწერა
Extent 132 pages :
Other physical details illustrations ;
Dimensions 17 cm.
653 ## - INDEX TERM--UNCONTROLLED
Uncontrolled term ფსიქოლოგია
700 1# - ADDED ENTRY--PERSONAL NAME
Personal name Aafjes-van Doorn, Katie
Relator term ავტორი
9 (RLIN) 17717
942 ## - ADDED ENTRY ELEMENTS (KOHA)
Source of classification or shelving scheme
Koha item type წიგნი
ეგზემპლარები
ჩამოწერის სტატუსი დაკარგული ეგზემპლარის სტატუსი კლასიფიკაციის წყარო ან თაროზე გაწყობის სქემა დაზიანების სტატუსი არ გაიცემა მუდმივი მდებარეობა (დაცვის ადგილი) ამჟამინდელი ადგილსამყოფელი თაროზე განთავსების ადგილი შეძენის თარიღი ღირებულება, შესყიდვის ნორმალური ფასი სრული შენახვის შიფრი შტრიხკოდი ბოლო ოპერაციის თარიღი ეგზემპლარის მიმდევრობითი ნომერი (კეტერი?) ფასის ძალაში შესვლის თარიღი ეგზემპლარის სახეობა საჯარო შენიშვნა
          ბათუმის შოთა რუსთაველის სახელმწიფო უნივერსიტეტის მთავარი ბიბლიოთეკა ბათუმის შოთა რუსთაველის სახელმწიფო უნივერსიტეტის მთავარი ბიბლიოთეკა წიგნსაცავი 2023-04-21 36.00 159.97 L-66 29391 2023-04-21 29391 2023-04-21 წიგნი 36 ლ.